| 000 | 01237 a2200169 4500 | ||
|---|---|---|---|
| 003 | Nust | ||
| 005 | 20170207165241.0 | ||
| 020 | _a978-93-325-1885-8 | ||
| 040 | _cNust | ||
| 245 |
_aSoftware engineering _bIan Sommerville |
||
| 250 | _a9th ed. | ||
| 260 |
_aIndia _bPearson _c2014 |
||
| 300 | _a700p | ||
| 505 | _a1.Introduction(page 1)2.Software processes(page 25)3.Agile software development(page 54)4.Requirments engineering(page 81)5.System modeling(page 118)6.Architectural design(page 148)7.Design and implementation(page 177)8.Software testing(page 207)9.Software evolution(page 236)10.Sociotechnical systems(page 264)11.Dependability and security(page 290)12.Dependability and security specification(page 310)13.Dependability engineering(page 342)14.Security engineering(page 367)15.Dependability and security assurance(page 395)16.Software reuse(page424)17.Component based software engineering(page 451)18.Distributed software engineering(page 479)19.Aspect-oriented software engineering(page 508)20.project management(page 533)21.Project planning(page 592)22.Quality management(page 622)23 Configuration management(page 646)24.process improvement (page 646) | ||
| 538 | _aAlmirah No.44 Shelaf No.1 | ||
| 650 | _aSoftware engineering | ||
| 942 |
_2ddc _cBK |
||
| 999 |
_c211213 _d211213 |
||